All Serbian Wars - Statistics

General Stats
  • This quiz has been taken 26 times
  • The average score is 29 of 65
Answer Stats
Years War % Correct
1998-1999 Kosovo War
90%
1914-1918 WW1
90%
1941-1945 WW2
90%
1992-1995 Bosnian War
86%
1991-1995 Croatian War of Independence
86%
1876-1877 1st Serbian-Ottoman War
76%
1877-1878 2nd Serbian-Ottoman War
76%
1716-1718 Austro-Turkish War
76%
1737-1739 Austro-Turkish War
76%
1788-1791 Austro-Turkish War
76%
1425-1459 Despotate-Ottoman Wars
76%
1402-1413 Ottoman Interregnum
76%
1399-1402 Ottoman-Timurid War
76%
1352 Serbian-Ottoman War
76%
1918-1919 Austro-Slovene Conflict
71%
1912-1913 1st Balkan War
67%
1913 2nd Balkan War
67%
1200-1203 Balkan Campaign
67%
839-842 Bulgarian-Serbian War
67%
853 Bulgarian-Serbian War
67%
917-924 Bulgarian-Serbian War
67%
1330 Bulgarian-Serbian War
67%
1806-1812 Russo-Turkish War
67%
1877-1878 Russo-Turkish War
67%
1885 Serbo-Bulgarian War
67%
1921 Albanian-Yugoslav Border War
62%
1341-1347 Byzantine Civil War
62%
1127-1129 Byzantine-Hungarian War
62%
1040-1189 Byzantine-Norman War
62%
1090-1095 Byzantine-Serbian War
62%
1683-1699 Great Turkish War
62%
1821-1829 Greek War of Independence
62%
1342-1345 Invasion of Albania
62%
1912-1913 Invasion of Albania
62%
1924 Invasion of Albania
62%
1237 Hungarian Invasion
52%
1901 Macedonian Struggle
48%
1804-1813 1st Serbian Uprising
29%
1815-1817 2nd Serbian Uprising
29%
927 Serb Uprising
29%
1042 Serb Uprising
29%
1848-1849 Serb Uprising
29%
1356-1359 Serbian Civil War
19%
1242-1243 Mongol Invasion
14%
1594 Banat Uprising
10%
1396 Crusade of Nicopolis
10%
1419-1423 2nd Scutari War
5%
1604-1606 Bocskai's War of Independence
5%
1919 Christmas Uprising
5%
1645-1669 Cretan War
5%
1257-1259 Epirote–Nicaean Conflict
5%
1356-1373 Feudal Wars
5%
1875-1877 Herzegovina Uprising
5%
1920-1921 Koplik War
5%
1684-1699 Morean War
5%
1821 Nis Rebellion
5%
1914 Peasant Revolt
5%
1814 Prodans Rebellion
5%
1703-1711 Rákóczi's War of Independence
5%
1318-1320 Serbian-Anjou War
5%
1913 Tikves Uprising
5%
1883 Timok Rebellion
5%
1596-1597 Uprising in Herzegovina
5%
1326-1329 War of Hum
5%
1714-1718 War of Sinj
5%
No matching quizzes found
Score Distribution
Percent of People with Each Score
Percentile by Number Answered
Your Score History
You have not taken this quiz